[Event "Titled Tue 10th Jun Early"]
[Site "chess.com INT"]
[Date "2025.06.10"]
[Round "8"]
[White "Salinas Herrera, Pablo"]
[Black "Williams, Simon K"]
[Result "1-0"]
[WhiteTitle "GM"]
[BlackTitle "GM"]
[WhiteElo "2447"]
[BlackElo "2444"]
[WhiteFideId "3407128"]
[BlackFideId "404454"]
[EventDate "2025.06.10"]

1. e4 d6 2. d4 Nf6 3. Nc3 Nbd7 4. Nf3 e5 5. Bc4 Be7 6. O-O c6 7. a4 a5 8. Re1 h6
9. h3 g5 10. Nh2 Qc7 11. Be3 Nf8 12. Bf1 Ng6 13. Qd2 Nf4 14. Rad1 Rg8 15. Kh1
Be6 16. d5 cxd5 17. Bxf4 gxf4 18. exd5 Bf5 19. Nb5 Qc8 20. c4 Kf8 21. Rc1 b6 22.
Nf3 Ne4 23. Qe2 Nc5 24. Nxe5 dxe5 25. Qxe5 Qd7 26. Rcd1 Rd8 27. Qxf4 Bf6 28.
Qxh6+ Bg7 29. Qxb6 Rc8 30. Na7 Rh8 31. Nxc8 Qxc8 32. Qd6+ Kg8 33. Qg3 Rh6 34. b3
Rg6 35. Qf3 Kh7 36. d6 Be6 37. d7 Nxd7 38. Bd3 Nf8 39. Bxg6+ Nxg6 40. Qh5+ Kg8
41. Qxa5 Bf6 42. Qh5 Kg7 43. Qf3 Qb8 44. Re3 Nh4 45. Qg3+ Qxg3 46. Rxg3+ Ng6 47.
a5 Be5 48. a6 Kf6 49. a7 1-0

[Event "Titled Tue 10th Jun Early"]
[Site "chess.com INT"]
[Date "2025.06.10"]
[Round "8"]
[White "Sarkar, Justin"]
[Black "Bratovic, Blaz"]
[Result "0-1"]
[WhiteTitle "IM"]
[BlackTitle "IM"]
[WhiteElo "2284"]
[BlackElo "2319"]
[WhiteFideId "2010011"]
[BlackFideId "14603551"]
[EventDate "2025.06.10"]

1. d4 f5 2. g3 Nf6 3. Bg2 e6 4. c4 d5 5. Nh3 Bd6 6. O-O O-O 7. Bf4 Be7 8. Nc3 h6
9. Qc2 Nc6 10. Rad1 g5 11. Be5 Nb4 12. Qb3 c6 13. a3 Na6 14. f4 g4 15. Nf2 Nc7
16. h3 h5 17. hxg4 hxg4 18. Nd3 Nce8 19. c5 Nd7 20. Qa4 Nxe5 21. Nxe5 Bf6 22.
Kf2 Bxe5 23. dxe5 Qe7 24. Qd4 Nc7 25. Rh1 Rf7 26. Rh6 Rh7 27. Rxh7 Qxh7 28. Rh1
Qg7 29. b4 Bd7 30. Rh5 Kf7 31. Qd1 Rh8 32. Qh1 Rxh5 33. Qxh5+ Ke7 34. Qh4+ Kf7
35. Qh5+ Ke7 36. Qh4+ Ke8 37. Qh5+ Qf7 38. Qh8+ Qf8 39. Qh7 Kd8 40. e3 Kc8 41.
Ne2 Nb5 42. a4 Na3 43. Nd4 Nc4 44. b5 Qxc5 45. Qg8+ Kc7 46. Qf7 Qb4 47. Nxe6+
Kb6 48. Qxd7 Qd2+ 49. Kg1 Ka5 50. Qxb7 Nxe3 51. Qc7+ Kb4 52. Qd6+ Kb3 0-1

[Event "Titled Tue 10th Jun Early"]
[Site "chess.com INT"]
[Date "2025.06.10"]
[Round "8"]
[White "Khazan, Yevgeny"]
[Black "Babayeva, Nasrin"]
[Result "0-1"]
[WhiteTitle "CM"]
[BlackTitle "WFM"]
[WhiteElo "2135"]
[BlackElo "1936"]
[WhiteFideId "2806193"]
[BlackFideId "13416626"]
[EventDate "2025.06.10"]

1. d4 d5 2. c4 dxc4 3. e4 e5 4. Nf3 exd4 5. Bxc4 c5 6. O-O Nc6 7. Qb3 Qd7 8. e5
Na5 9. Qc2 Nxc4 10. Qxc4 Ne7 11. Ng5 Nd5 12. Nc3 dxc3 13. Rd1 Nb6 14. Qe2 Qc6
15. Rd6 Bxd6 16. exd6+ Be6 17. Nxe6 Kd7 18. Nxg7 Qxd6 19. Bg5 Kc6 20. bxc3 Rad8
21. h3 Rd7 22. Nf5 Qe6 23. Qf3+ Kc7 24. Bf4+ Kc8 25. g4 Re8 26. Kg2 Nd5 27. c4
Nxf4+ 28. Qxf4 Qe5 29. Qg5 Qe4+ 30. Kg3 Qxc4 31. Rc1 Rd3+ 32. Kh2 Qd5 33. Ne7+
Rxe7 34. Qxe7 Qd6+ 35. Qxd6 Rxd6 36. Rxc5+ Rc6 37. Rh5 h6 38. Kg3 Kd7 39. Rf5
Ke7 40. Rb5 b6 0-1

[Event "Titled Tue 10th Jun Early"]
[Site "chess.com INT"]
[Date "2025.06.10"]
[Round "8"]
[White "Guliev, Gasan"]
[Black "Yushko, Olga"]
[Result "1-0"]
[WhiteTitle "CM"]
[BlackTitle "WFM"]
[WhiteElo "2123"]
[BlackElo "2033"]
[WhiteFideId "34165638"]
[BlackFideId "14114500"]
[EventDate "2025.06.10"]

1. d4 Nf6 2. Bf4 e6 3. Nf3 d5 4. e3 c5 5. c3 Bd6 6. Bg3 O-O 7. Nbd2 Nc6 8. Bd3
Re8 9. Ne5 Qc7 10. f4 g6 11. O-O Nh5 12. Bh4 Be7 13. g4 Bxh4 14. gxh5 Ne7 15.
Qg4 Bf6 16. Ndf3 Nf5 17. hxg6 fxg6 18. Nxg6 Qg7 19. Nge5 Nxe3 20. Qxg7+ Bxg7 21.
Rfe1 Nf5 22. Bxf5 exf5 23. dxc5 Be6 24. Nd4 Bf7 25. Nxf5 Bxe5 26. Rxe5 Rxe5 27.
fxe5 Re8 28. Re1 Bg6 29. Nd6 Re7 30. Kf2 Kg7 31. Kg3 Bd3 32. Rd1 Be2 33. Nf5+
Kf7 34. Nxe7 Kxe7 35. Rxd5 Bc4 36. Rd4 Bxa2 37. Ra4 Bd5 38. Rxa7 Ke6 39. c4 Bc6
40. b4 Kxe5 41. b5 Be4 42. c6 bxc6 43. b6 Kd6 44. Rxh7 Bxh7 45. c5+ Kd7 46. Kf4
Bd3 47. Kg5 Ba6 48. h4 Ke7 49. Kg6 Kf8 50. Kf6 Bc8 51. Ke5 Ke7 52. h5 1-0

[Event "Titled Tue 10th Jun Early"]
[Site "chess.com INT"]
[Date "2025.06.10"]
[Round "8"]
[White "Rahman, Masruri"]
[Black "Goncharov, Vladimir"]
[Result "1-0"]
[WhiteTitle "FM"]
[WhiteElo "2407"]
[BlackElo "2077"]
[WhiteFideId "7101163"]
[BlackFideId "34162256"]
[EventDate "2025.06.10"]

1. d4 Nf6 2. Bf4 e6 3. e3 b6 4. Nd2 Bb7 5. Ngf3 Nh5 6. Bg5 Be7 7. Bxe7 Qxe7 8.
Be2 d6 9. O-O Nd7 10. a4 a6 11. a5 b5 12. c4 bxc4 13. Bxc4 O-O 14. Rc1 c5 15.
Bd3 Nhf6 16. Re1 Rfc8 17. Nc4 Bxf3 18. Qxf3 cxd4 19. exd4 d5 20. Ne3 Qb4 21.
Rcd1 Qxa5 22. g4 h6 23. h4 Nf8 24. g5 hxg5 25. hxg5 Ne4 26. Bxe4 dxe4 27. Qg3
Ng6 28. d5 exd5 29. Nxd5 Rd8 30. b4 Qa2 31. Nc3 Rxd1 32. Rxd1 Qb3 33. Rd4 Re8
34. Qe3 Re5 35. Rd8+ Nf8 36. f4 Re7 37. Qc5 Qe6 38. Nd5 Qg4+ 39. Kf1 Qf3+ 40.
Ke1 Qh1+ 41. Ke2 Qg2+ 42. Kd1 Qf3+ 43. Kc1 Qe2 44. Nxe7+ Kh7 45. g6+ Nxg6 46.
Qh5+ 1-0

[Event "Titled Tue 10th Jun Early"]
[Site "chess.com INT"]
[Date "2025.06.10"]
[Round "8"]
[White "Goldbeck, Lars"]
[Black "Vedant, Nitin Vekhande"]
[Result "0-1"]
[WhiteTitle "FM"]
[BlackTitle "CM"]
[WhiteElo "2391"]
[BlackElo "2167"]
[WhiteFideId "16208188"]
[BlackFideId "45073449"]
[EventDate "2025.06.10"]

1. e4 c5 2. c3 d5 3. exd5 Qxd5 4. d4 Nf6 5. Nf3 Nc6 6. Na3 cxd4 7. Nb5 Qd8 8.
Nbxd4 Bd7 9. Bb5 Nxd4 10. Bxd7+ Qxd7 11. Qxd4 Qxd4 12. Nxd4 e5 13. Nb5 Kd7 14.
Be3 a6 15. O-O-O+ Kc6 16. Na3 Bxa3 17. bxa3 Nd5 18. Bd2 Nb6 19. Kb2 Nc4+ 20. Kb3
b5 21. Rhe1 Rhd8 22. Bc1 f6 23. a4 Nb6 24. axb5+ axb5 25. Be3 Nc4 26. Bc1 Na5+
27. Kb4 Nb7 28. Rxd8 Nxd8 29. Rd1 Nb7 30. Kb3 Nc5+ 31. Kb2 Na4+ 32. Kb3 Nc5+ 33.
Kb2 Na4+ 34. Kb3 Nb6 35. Be3 Nc4 36. Bc1 Ra7 37. Rd3 Rd7 38. Rxd7 Kxd7 39. a4
Kc6 40. Kb4 Nd6 41. axb5+ Nxb5 42. Be3 Nc7 43. c4 Na6+ 44. Kc3 Nc5 45. f3 Ne6
46. Kd3 g6 47. Ke4 Kd6 48. f4 f5+ 49. Kf3 e4+ 50. Kg3 Nd8 51. Kh4 Nf7 52. h3 Ke6
53. g4 Nd6 54. c5 Nc4 55. Bd4 Kd5 56. Bg1 e3 57. gxf5 gxf5 58. Kg5 Ke4 59. Bxe3
Nxe3 60. c6 Nd5 61. h4 Nxf4 62. Kf6 Nd5+ 63. Ke6 f4 0-1

[Event "Titled Tue 10th Jun Early"]
[Site "chess.com INT"]
[Date "2025.06.10"]
[Round "8"]
[White "Mladenov, Plamen"]
[Black "Mkrtchyan, Mariam"]
[Result "1-0"]
[WhiteTitle "IM"]
[BlackTitle "WIM"]
[WhiteElo "2362"]
[BlackElo "2307"]
[WhiteFideId "2906198"]
[BlackFideId "13310828"]
[EventDate "2025.06.10"]

1. d4 d6 2. e4 g6 3. Nc3 Bg7 4. f4 Nd7 5. Nf3 c5 6. Be3 cxd4 7. Bxd4 e5 8. fxe5
dxe5 9. Bf2 Ne7 10. Nd5 O-O 11. Bh4 f6 12. Bc4 Kh8 13. Bf2 Nxd5 14. Bxd5 Nb6 15.
c4 Nxd5 16. cxd5 f5 17. exf5 Bxf5 18. O-O Be4 19. Bc5 Rf7 20. d6 h6 21. Qe2 Bxf3
22. Rxf3 Rxf3 23. Qxf3 Qd7 24. Qe4 Kh7 25. Rf1 Rc8 26. Ba3 Rf8 27. Rxf8 Bxf8 28.
Qxe5 Qg4 29. Qd5 Qd7 30. h3 h5 31. Qc5 Bg7 32. Qc7 Qe6 33. Qc1 h4 34. Kh1 Bd4
35. Qd1 Bb6 36. b3 Kg8 37. Bb2 Kf7 38. d7 Bd8 39. Bc3 a5 40. a4 Qe4 41. Qf1+ Ke6
42. Qe1 Qxe1+ 43. Bxe1 Kxd7 44. Kg1 Kc6 45. Kf1 Kd5 46. Ke2 Ke4 47. Bf2 g5 48.
Bc5 Bc7 49. Be7 1-0

[Event "Titled Tue 10th Jun Early"]
[Site "chess.com INT"]
[Date "2025.06.10"]
[Round "8"]
[White "Gavarrete, Nahun"]
[Black "Matskevich, Varvara"]
[Result "1-0"]
[WhiteTitle "FM"]
[BlackTitle "WFM"]
[WhiteElo "2281"]
[BlackElo "1911"]
[WhiteFideId "8400709"]
[BlackFideId "13523465"]
[EventDate "2025.06.10"]

1. e4 c5 2. Nc3 d6 3. Nf3 e5 4. Bc4 Be7 5. d3 Nf6 6. O-O O-O 7. h3 Nc6 8. Be3
Nd4 9. Nd2 Bd7 10. f4 b5 11. Bb3 a6 12. Nd5 Nxd5 13. Bxd5 Rb8 14. c3 Nc6 15. f5
Bf6 16. g4 Ne7 17. Bb3 h6 18. Nf3 Bc6 19. h4 c4 20. Bc2 cxd3 21. Qxd3 d5 22. g5
dxe4 23. Qxd8 Rfxd8 24. gxf6 gxf6 25. Nd2 Kh7 26. Bxe4 Nd5 27. Bxd5 Bxd5 28. Kh2
Rg8 29. Rg1 Rxg1 30. Rxg1 Rd8 31. Nf1 Be4 32. Ng3 Bd3 33. Nh5 Bxf5 34. Nxf6+ Kh8
35. Bxh6 Bg6 36. h5 Rd6 37. Bg7+ Kxg7 38. Ne8+ Kh6 39. Nxd6 Bxh5 40. Rf1 Kg7 41.
Kg3 Bg6 42. Kf2 f5 43. Ke3 Kf6 44. c4 Ke6 45. c5 f4+ 46. Kf2 Kd5 47. Rc1 Kc6 48.
Kf3 Bh5+ 49. Ke4 f3 50. Kxe5 f2 51. Ne4 Be2 52. Nxf2 Bc4 53. Ne4 Bd5 54. b4 Bxa2
55. Ra1 Bc4 56. Rxa6+ 1-0

[Event "Titled Tue 10th Jun Early"]
[Site "chess.com INT"]
[Date "2025.06.10"]
[Round "8"]
[White "Zhigalko, Sergei"]
[Black "Masague Artero, Guerau"]
[Result "1-0"]
[WhiteTitle "GM"]
[BlackTitle "FM"]
[WhiteElo "2572"]
[BlackElo "2326"]
[WhiteFideId "13502956"]
[BlackFideId "32098952"]
[EventDate "2025.06.10"]

1. e4 e5 2. Nf3 Nc6 3. Bc4 Nf6 4. d3 Be7 5. O-O O-O 6. Nbd2 d6 7. c3 h6 8. Re1
Na5 9. Bb5 c5 10. Nf1 a6 11. Ba4 b5 12. Bc2 Nc6 13. Ng3 Re8 14. h3 Bf8 15. d4
Qc7 16. Be3 Ne7 17. Nh4 g6 18. Qd2 h5 19. Bh6 Bxh6 20. Qxh6 cxd4 21. Bb3 d5 22.
exd5 Qd6 23. cxd4 exd4 24. Rad1 Bb7 25. Rxd4 Rad8 26. Ne4 Qe5 27. Nf3 Qf5 28.
Ng3 Qd7 29. d6 Ned5 30. Red1 Qxd6 31. Ng5 Qe5 32. N3e4 Re7 33. Nxf6+ Qxf6 34.
Ne4 Qe5 35. Ng5 Qf6 36. a3 Red7 37. Qh7+ Kf8 38. Ne4 Qe5 39. Nc5 Re7 40. Nxb7
Rxb7 41. Rxd5 Rxd5 42. Rxd5 Qe1+ 43. Kh2 Qxf2 44. Qh8+ Ke7 45. Qd8+ Ke6 46. Rd2+ 1-0

[Event "Titled Tue 10th Jun Early"]
[Site "chess.com INT"]
[Date "2025.06.10"]
[Round "8"]
[White "Montejo Bello, Lorena Beatriz"]
[Black "Brezis, Ari"]
[Result "0-1"]
[WhiteTitle "WFM"]
[BlackTitle "CM"]
[WhiteElo "2090"]
[BlackElo "2179"]
[WhiteFideId "3529045"]
[BlackFideId "2858541"]
[EventDate "2025.06.10"]

1. e4 e6 2. d4 d5 3. Nc3 Nf6 4. e5 Nfd7 5. f4 c5 6. Nf3 Nc6 7. Be3 cxd4 8. Nxd4
Nxd4 9. Bxd4 Bc5 10. Bxc5 Nxc5 11. Bb5+ Bd7 12. Be2 Bc6 13. Qd4 Qb6 14. b4 Nd7
15. Qxb6 Nxb6 16. Nb5 Bxb5 17. Bxb5+ Ke7 18. a4 Rac8 19. a5 Nc4 20. Ke2 f6 21.
exf6+ Kxf6 22. g4 h6 23. h4 g5 24. fxg5+ hxg5 25. h5 Ne5 26. Raf1+ Ke7 27. Kd2
a6 28. Be2 Rcf8 29. Ke3 Kd6 30. c3 Rc8 31. Kd4 Rhf8 32. h6 Rf4+ 33. Rxf4 gxf4
34. Rf1 f3 35. Rxf3 Nxf3+ 36. Bxf3 Ke7 37. g5 Kd8 38. g6 Ke7 39. h7 Kf6 40. Bh5
Rc4+ 41. Kd3 Kg7 42. Bg4 Rxg4 43. Ke3 Rxg6 44. Kd4 Rg3 45. c4 Rg4+ 46. Ke5 Rxc4
47. b5 axb5 48. a6 bxa6 49. Kxe6 a5 50. Kxd5 a4 51. Kd6 a3 0-1

[Event "Titled Tue 10th Jun Early"]
[Site "chess.com INT"]
[Date "2025.06.10"]
[Round "8"]
[White "Lopez, Henry"]
[Black "Manzone, Alessandro"]
[Result "1-0"]
[BlackTitle "FM"]
[WhiteElo "2050"]
[BlackElo "2397"]
[WhiteFideId "5203830"]
[BlackFideId "112488"]
[EventDate "2025.06.10"]

1. d4 Nf6 2. Nf3 e6 3. c4 Bb4+ 4. Nbd2 d5 5. a3 Be7 6. Qc2 O-O 7. e4 dxe4 8.
Nxe4 Nc6 9. Be3 Nxe4 10. Qxe4 f5 11. Qf4 Bd6 12. Qg5 Qxg5 13. Bxg5 h6 14. Bd2 e5
15. c5 Be7 16. dxe5 Bxc5 17. Bc4+ Kh7 18. Bc3 Re8 19. O-O Be6 20. Bxe6 Rxe6 21.
b4 Bb6 22. Rad1 Rae8 23. h4 Kg6 24. g3 R8e7 25. Kg2 Nb8 26. b5 c6 27. a4 cxb5
28. axb5 Nd7 29. Rd5 Rf7 30. Bb4 Bc7 31. Re1 Nb6 32. Rd3 Rd7 33. Ra3 Bb8 34. Bc3
Rde7 35. Ra2 Nd5 36. Bd4 b6 37. Rc2 Rd7 38. Rc8 Bc7 39. Ra8 Bd8 40. Rc1 Nc7 41.
Rxa7 Kf7 42. Bxb6 Ree7 43. Bc5 Nxb5 44. Ra6 Re6 45. Ra4 Rc6 46. Be3 Nc7 47. Rxc6 1-0

[Event "Titled Tue 10th Jun Early"]
[Site "chess.com INT"]
[Date "2025.06.10"]
[Round "8"]
[White "Zahn, Wolfgang"]
[Black "Dwilewicz, Katarzyna"]
[Result "0-1"]
[WhiteTitle "FM"]
[BlackTitle "WFM"]
[WhiteElo "2280"]
[BlackElo "2198"]
[WhiteFideId "4620984"]
[BlackFideId "1148486"]
[EventDate "2025.06.10"]

1. d4 d5 2. c4 dxc4 3. e3 Nf6 4. Bxc4 e6 5. Nf3 c5 6. O-O a6 7. a4 Nc6 8. Nc3
Be7 9. d5 exd5 10. Nxd5 Nxd5 11. Bxd5 O-O 12. Ra3 Qc7 13. Bxc6 Qxc6 14. Ne5 Qe4
15. f4 Be6 16. Qd3 Qxd3 17. Rxd3 f6 18. f5 c4 19. Rdd1 fxe5 20. fxe6 Rad8 21.
Bd2 Rd6 22. Bc3 Rxe6 23. Rd7 Bc5 24. Rxf8+ Kxf8 25. Kf2 b6 26. Kf3 Re7 27. Rxe7
Kxe7 28. Bxe5 g6 29. Ke4 Ke6 30. Bd4 Kd6 31. Bg7 b5 32. axb5 axb5 33. g4 Ke6 34.
h3 h5 35. Bh8 b4 36. Bg7 Be7 37. gxh5 gxh5 38. Kd4 c3 39. bxc3 b3 40. Kd3 Kd5
41. Bd4 b2 42. c4+ Ke6 43. Bxb2 Kf5 44. Bc3 Bc5 45. Be1 Bb6 46. Bg3 Bc5 47. e4+
Kg5 48. Kc3 h4 49. Be5 Bf2 50. Kb4 Bg3 51. Bd4 Kf4 52. e5 Ke4 0-1

[Event "Titled Tue 10th Jun Early"]
[Site "chess.com INT"]
[Date "2025.06.10"]
[Round "8"]
[White "Materia, Marco"]
[Black "Erigaisi, Arjun"]
[Result "1-0"]
[WhiteTitle "IM"]
[BlackTitle "GM"]
[WhiteElo "2489"]
[BlackElo "2782"]
[WhiteFideId "45150451"]
[BlackFideId "35009192"]
[EventDate "2025.06.10"]

1. Nf3 b6 2. c4 Bb7 3. g3 g6 4. Bg2 Bg7 5. O-O Nf6 6. Nc3 O-O 7. Re1 c5 8. e4
Nc6 9. b3 Ne8 10. Bb2 Nc7 11. e5 Ne6 12. Nd5 Ned4 13. Nxd4 cxd4 14. Nf4 Qc7 15.
Nd5 Qd8 16. Qe2 e6 17. Nf4 Qc7 18. Nd3 f6 19. Ba3 fxe5 20. Bxf8 Rxf8 21. Rac1 d6
22. b4 a5 23. a3 Bf6 24. f4 Kg7 25. b5 Nd8 26. fxe5 dxe5 27. Nxe5 Bxg2 28. Kxg2
Nb7 29. Nc6 e5 30. Rf1 Nc5 31. d3 Qd6 32. Rf3 Re8 33. Rcf1 Re6 34. Qd1 h5 35. h4
Qd7 36. R1f2 Qd6 37. Qf1 e4 38. dxe4 Nxe4 39. Re2 d3 40. Rxe4 Rxe4 41. Rxd3 Qe6
42. Rf3 Re2+ 43. Rf2 Qe4+ 44. Kh2 Re1 45. Qg2 Qxc4 46. Qf3 Qe6 47. Nd8 Qf5 48.
Qb7+ Re7 49. Rxf5 Rxb7 50. Rxf6 Rd7 51. Rxb6 Rxd8 52. Ra6 Rd2+ 53. Kh3 Rb2 54.
Rxa5 Kf6 55. a4 Kf5 56. Ra6 g5 57. hxg5 Kxg5 58. b6 1-0

[Event "Titled Tue 10th Jun Early"]
[Site "chess.com INT"]
[Date "2025.06.10"]
[Round "8"]
[White "Nagare Kaivalya Sandip"]
[Black "Diao, Matthew Guo"]
[Result "1-0"]
[WhiteTitle "FM"]
[BlackTitle "CM"]
[WhiteElo "2321"]
[BlackElo "2244"]
[WhiteFideId "25957929"]
[BlackFideId "30970547"]
[EventDate "2025.06.10"]

1. e4 c5 2. Nf3 e6 3. d4 cxd4 4. Nxd4 Nf6 5. Nc3 Nc6 6. Nxc6 bxc6 7. e5 Nd5 8.
Ne4 Qc7 9. f4 Rb8 10. Bd3 Qb6 11. Qe2 Be7 12. a3 f5 13. Nf2 a5 14. O-O O-O 15.
Qf3 a4 16. c4 Nc7 17. Be3 Qb3 18. Rfc1 Ba6 19. Rab1 Rfd8 20. Bc2 Qa2 21. Bxa4
Rxb2 22. Ra1 Rxf2 23. Bxf2 Qb2 24. Rab1 Qxa3 25. Qxa3 Bxa3 26. Rc3 Be7 27. Bc2
Kf7 28. Bd3 d5 29. exd6 Rxd6 30. Bf1 Rd2 31. Be3 Ra2 32. Rb6 Ne8 33. Rxc6 Nf6
34. Rc7 Ne8 35. Ra7 Kf8 36. c5 Bc4 37. Rxa2 Bxa2 38. c6 Nc7 39. Bb6 Bd6 40. Bc4
Bxc4 41. Rxc4 Kf7 42. Kf2 Ke7 43. Bxc7 Bxc7 44. Kf3 Kd6 45. g4 Kd5 46. Rc2 g6
47. h4 e5 48. fxe5 Kxe5 49. g5 Kd6 50. Re2 Bb6 51. Re8 1-0

[Event "Titled Tue 10th Jun Early"]
[Site "chess.com INT"]
[Date "2025.06.10"]
[Round "8"]
[White "Turzo, Attila"]
[Black "Belov, Alexei"]
[Result "1/2-1/2"]
[WhiteTitle "IM"]
[BlackTitle "IM"]
[WhiteElo "2245"]
[BlackElo "2421"]
[WhiteFideId "704954"]
[BlackFideId "4128206"]
[EventDate "2025.06.10"]

1. e4 e6 2. d4 d5 3. Bd3 dxe4 4. Bxe4 Nf6 5. Bf3 c5 6. Ne2 Nc6 7. Be3 cxd4 8.
Nxd4 Ne5 9. O-O Be7 10. Be2 Qc7 11. Nb5 Qb8 12. Bf4 Nf3+ 13. Bxf3 Qxf4 14. Qd4
Qxd4 15. Nxd4 a6 16. Nc3 O-O 17. a4 Bb4 18. Na2 Bc5 19. Nb3 Bb6 20. a5 Ba7 21.
Nb4 Rb8 22. Rfd1 Bd7 23. Nd3 Rfc8 24. Ne5 Bb5 25. c3 b6 26. axb6 Bxb6 27. Nd4
Be8 28. Ndc6 Rb7 29. Rxa6 Nd5 30. Bxd5 exd5 31. Rxd5 f6 32. Rb5 fxe5 33. Rbxb6
Rxb6 34. Rxb6 Bxc6 35. f3 Kf7 36. Kf2 e4 37. fxe4 Bxe4 38. g3 Rd8 39. Ke3 Re8
40. Kd4 Bf3 41. Rb5 Kg6 42. Re5 Rxe5 43. Kxe5 Kg5 44. c4 Kg4 45. b4 Kh3 46. b5
Kxh2 47. c5 Kxg3 48. c6 h5 49. Kd6 h4 50. b6 Bxc6 51. Kxc6 h3 52. b7 h2 53.
b8=Q+ Kg2 54. Qb2+ Kg3 55. Qxg7+ Kf2 56. Qf6+ Kg1 57. Qg5+ Kh1 58. Qf4 Kg1 59.
Qxh2+ Kxh2 1/2-1/2

[Event "Titled Tue 10th Jun Early"]
[Site "chess.com INT"]
[Date "2025.06.10"]
[Round "8"]
[White "Zepeda Berlanga, Jan Enrique"]
[Black "Zong, Davis"]
[Result "0-1"]
[WhiteTitle "CM"]
[BlackTitle "FM"]
[WhiteElo "1984"]
[BlackElo "2242"]
[WhiteFideId "5132355"]
[BlackFideId "30903955"]
[EventDate "2025.06.10"]

1. e4 e5 2. Nf3 Nc6 3. Bc4 Bc5 4. d3 Nf6 5. Nc3 O-O 6. O-O d6 7. h3 a5 8. a3 Ba7
9. Be3 Bxe3 10. fxe3 Ne7 11. Qe1 Ng6 12. Ne2 Be6 13. Bxe6 fxe6 14. b4 axb4 15.
axb4 d5 16. exd5 exd5 17. Rxa8 Qxa8 18. Qa1 c6 19. Ng5 Re8 20. Ng3 h6 21. Qxa8
Rxa8 22. Ne6 Kf7 23. Nc5 b6 24. Nd7 Ke6 25. Nxf6 gxf6 26. Nf5 Ra2 27. Rf2 Rb2
28. Nxh6 Rxb4 29. Ng4 f5 30. Nh6 Ne7 31. g4 fxg4 32. hxg4 e4 33. g5 exd3 34.
cxd3 Rb3 35. Rf6+ Kd7 36. g6 Rxd3 37. g7 Rxe3 38. Kf2 Re6 39. Rxe6 Kxe6 40.
g8=Q+ Nxg8 41. Nxg8 c5 42. Ke2 b5 43. Kd2 d4 44. Nh6 Kd5 45. Ng4 b4 46. Nf2 c4
47. Kc2 b3+ 48. Kb2 Kc5 49. Nd1 Kb4 50. Kb1 c3 51. Kc1 Kc4 52. Kb1 c2+ 0-1

[Event "Titled Tue 10th Jun Early"]
[Site "chess.com INT"]
[Date "2025.06.10"]
[Round "8"]
[White "Le, Tuan Minh"]
[Black "Aswath, S"]
[Result "1-0"]
[WhiteTitle "GM"]
[BlackTitle "IM"]
[WhiteElo "2598"]
[BlackElo "2507"]
[WhiteFideId "12401153"]
[BlackFideId "46694919"]
[EventDate "2025.06.10"]

1. d4 d5 2. Nf3 Nf6 3. Bf4 c5 4. c3 e6 5. e3 Qb6 6. Qc2 Bd6 7. Bg3 Nbd7 8. Nbd2
O-O 9. Bd3 Qc7 10. c4 cxd4 11. Nxd4 Bxg3 12. hxg3 h6 13. cxd5 Qxc2 14. Bxc2 Nxd5
15. Rc1 Ne5 16. N2f3 Nxf3+ 17. gxf3 Bd7 18. Be4 Rfc8 19. Kd2 Kf8 20. f4 Ke7 21.
a3 Rxc1 22. Rxc1 Rc8 23. Rd1 Ba4 24. Rh1 Nf6 25. Bf3 Rc7 26. g4 Nd7 27. g5 hxg5
28. fxg5 Ne5 29. Be2 Nc6 30. Nf3 Rd7+ 31. Ke1 Bc2 32. Rh8 a6 33. b4 Be4 34. Nd2
Bg6 35. Nb3 Rc7 36. Nc5 a5 37. b5 Ne5 38. Nb3 a4 39. Nd4 Nd3+ 40. Kf1 Be4 41. f3
Bg6 42. b6 Rc1+ 43. Kg2 Nc5 44. Rc8 e5 45. Rc7+ Kd8 46. Nb5 Nb3 47. Rxb7 Rc2 48.
Kf1 Nc1 49. Rc7 Rxe2 50. b7 1-0

[Event "Titled Tue 10th Jun Early"]
[Site "chess.com INT"]
[Date "2025.06.10"]
[Round "8"]
[White "Sayce, Hannah"]
[Black "Enkhrii Enkh-Amgalan"]
[Result "1-0"]
[WhiteTitle "WCM"]
[BlackTitle "WFM"]
[WhiteElo "1877"]
[BlackElo "2226"]
[WhiteFideId "3250695"]
[BlackFideId "4907272"]
[EventDate "2025.06.10"]

1. e4 e5 2. Nf3 Nc6 3. Bb5 a6 4. Ba4 Nf6 5. d3 b5 6. Bb3 Bc5 7. c3 h6 8. O-O Qe7
9. a4 Bb7 10. Re1 Bb6 11. Nbd2 d6 12. Nf1 b4 13. Ng3 Bc8 14. cxb4 Nxb4 15. a5
Ba7 16. d4 O-O 17. Bd2 Nd3 18. Re2 exd4 19. Bxh6 Ne5 20. Nxe5 Qxe5 21. Bd2 Be6
22. Kh1 d3 23. Re1 Ng4 24. Be3 Bxe3 25. Qf3 Bxf2 26. Bxe6 Qxe6 27. Rf1 Bxg3 28.
Qxg3 Rab8 29. Qxd3 Rxb2 30. Qf3 Ne5 31. Qg3 Rb3 32. Qf4 Qg4 33. Qd2 Qxe4 34.
Rae1 Qd3 35. Qg5 Rb2 36. Qe7 Qd2 37. Rg1 Nf3 38. Rd1 Qh6 39. h3 Nxg1 40. Rxg1
Qe6 41. Qg5 Re8 42. h4 Qe2 43. Kh2 f6 44. Qg4 Re4 45. Qg6 Rxh4+ 46. Kg3 1-0

[Event "Titled Tue 10th Jun Early"]
[Site "chess.com INT"]
[Date "2025.06.10"]
[Round "8"]
[White "Zgadzaj, Rafal"]
[Black "Bustelo, Tabare"]
[Result "0-1"]
[WhiteTitle "CM"]
[BlackTitle "CM"]
[WhiteElo "2018"]
[BlackElo "2043"]
[WhiteFideId "1113712"]
[BlackFideId "3000362"]
[EventDate "2025.06.10"]

1. e4 e5 2. f4 d5 3. exd5 c6 4. fxe5 Qh4+ 5. g3 Qe4+ 6. Qe2 Qxh1 7. e6 fxe6 8.
Nf3 cxd5 9. d4 Nf6 10. Nc3 Bb4 11. Bf4 Ne4 12. O-O-O Bxc3 13. Bh3 Qxd1+ 14. Kxd1
Bb4 15. Qb5+ Nc6 16. Ne5 a6 17. Qa4 b5 18. Qb3 Nf2+ 19. Kc1 Nxe5 20. Bxe5 O-O
21. Bg2 a5 22. a3 Be7 23. Bxd5 exd5 24. Qxd5+ Be6 25. Qxe6+ Rf7 26. d5 Ne4 27.
Kb1 b4 28. d6 Bf8 29. d7 Rd8 30. Bf4 Nc5 31. Qc4 Rxd7 32. axb4 axb4 33. Qxb4 h6
34. h4 Rb7 35. Qc4 Rc7 36. Bd2 Rc6 37. Bc3 Re6 38. b4 Re4 39. Qb5 Re3 40. bxc5
Rxc3 41. c6 Rc7 42. Qb8 R7xc6 43. g4 Rxc2 44. Qf4 R2c4 45. Qf5 R4c5 46. Qe4 Rb5+
47. Ka2 Ra6+ 0-1

[Event "Titled Tue 10th Jun Early"]
[Site "chess.com INT"]
[Date "2025.06.10"]
[Round "8"]
[White "Shevchenko, Yaroslav"]
[Black "Goryachkina, Aleksandra"]
[Result "0-1"]
[BlackTitle "GM"]
[WhiteElo "2179"]
[BlackElo "2533"]
[WhiteFideId "34144684"]
[BlackFideId "4147103"]
[EventDate "2025.06.10"]

1. e4 c5 2. Nf3 d6 3. Bb5+ Nd7 4. O-O a6 5. Bxd7+ Bxd7 6. c3 Nf6 7. Re1 Bc6 8.
d4 Bxe4 9. Bg5 Bc6 10. Bxf6 gxf6 11. d5 Bd7 12. Nbd2 Bg7 13. Nh4 O-O 14. Qh5 e6
15. Re3 f5 16. Rg3 Qf6 17. Ndf3 h6 18. dxe6 Bxe6 19. Ne1 f4 20. Rd3 Qg5 21. Qxg5
hxg5 22. Nhf3 g4 23. Ng5 d5 24. f3 d4 25. Nxe6 fxe6 26. cxd4 Bxd4+ 27. Kf1 g3
28. hxg3 fxg3 29. Nc2 e5 30. Ke2 Rae8 31. Rb3 e4 32. f4 Rxf4 33. Rxg3+ Kf7 34.
Rh1 Rf2+ 35. Kd1 Rg8 36. Rh7+ Kf8 37. Rhh3 Rxg3 38. Rxg3 b5 39. b3 Kf7 40. Rg4
e3 41. Nxd4 Rd2+ 42. Ke1 cxd4 43. Re4 Kf6 44. g4 Kg5 45. a4 b4 46. a5 Kh4 47.
Re6 Ra2 48. Rd6 Kxg4 49. Rxd4+ Kf3 0-1